| 000 | 01060nam a2200229Ii 4500 | ||
|---|---|---|---|
| 003 | JO-AjNU | ||
| 008 | 230605s9999||||xx |||||||||||||| ||und|| | ||
| 017 | _a2016/10/5196 | ||
| 020 | _a978-9957-92-228-3 | ||
| 040 |
_aJO-AjNU _bara _erda _cJO-AjNU |
||
| 041 | _aara | ||
| 050 | 1 | 4 | _aLB2805.2020 |
| 100 | 3 |
_aتالبف Hunt,Gilbet H, Dennis G.Wiseman؛ ترجمة رفعة رافع الزعبي؛ مراجعة محي الدين توق, _eauthor _960034 |
|
| 245 | 0 | 0 | _aافضل الممارسات في الدافعية والادارة في غرفة الصف=BEST PRACTICE IN MOTIVATION AND MANAGEMENT IN THE CLASSROOM |
| 250 | _aالطبعة الاولى | ||
| 264 | 3 | 1 | _aعمان: دار الفكر ناشرون وموزعون، 2020 |
| 300 |
_a352ص _b ويحتوي على قائمة مراجع من ص335-ص352 |
||
| 336 |
_atext _btxt _2rdacontent |
||
| 337 |
_aunmediated _bn _2rdamedia |
||
| 338 |
_avolume _bnc _2rdacarrier |
||
| 650 | 4 |
_aادارة الصف-التوجية التربوي-الادارة التعليمية- التدريس _960035 |
|
| 999 |
_aA27046 _c30614 _d30614 |
||